Watykan - quiz wielokrotnego wyboru - Statystyki

Ogólne statystyki
  • Ten quiz został rozwiązany 1 193 razy
  • Średni wynik to 8 z 10
Statystyki odpowiedzi
Zagadnienie Odpowiedź % Poprawnych
Jakie miasto w pełni otacza Watykan? Rzym
100%
Jaka jest flaga Watykanu?
98%
W Watykanie znajduje się największy kościół świata. Czyim imieniem został nazwany? Św. Piotra Apostoła
92%
Kto jest odpowiedzialny za obronę papieża i innych mieszkańców Watykanu? Gwardia Szwajcarska
88%
Kto namalował powyższy obrazek? Michał Anioł
86%
Na suficie Kaplicy Sykstyńskiej znajduje się słynny obraz, na którym Bóg wyciąga rękę, by dotknąć palca... Adama
79%
Jak nazywa się organ zarządzający, który nadzoruje Watykan oraz Kościół katolicki jako całość? Stolica Apostolska
78%
Co jest nietypowego w bankomatach w Watykanie? Mają tłumaczenia na język łaciński
71%
Ile mniej więcej mieszka ludzi w Watykanie? (Stan na rok 2024) 880
57%
Jaki obiekt znajduje się na placu publicznym w Watykanie? Egipski obelisk
48%
Nie znaleziono quizów pasujących do podanych kryteriów
Rozkład punktacji
Procent ludzi z każdym wynikiem
Percentyl według liczby udzielonych odpowiedzi
Twoja historia wyników
Nie rozwiązałeś tego quizu